| 000 | 00814nam a2200253 i 4500 | ||
|---|---|---|---|
| 003 | EG-ScBUE | ||
| 005 | 20240908092514.0 | ||
| 008 | 100325s2009 ii a f 000 0 eeng d | ||
| 020 | _a9788184311174 | ||
| 020 | _a8184311176 | ||
| 040 |
_aEG-ScBUE _beng _erda _cEG-ScBUE _dEG-ScBUE |
||
| 082 | 0 | 4 |
_222 _a511.3 _bPUN |
| 100 | 1 |
_913035 _aPuntambekar, Anuradha A., _eauthor. |
|
| 245 | 1 | 0 |
_aDesign & analysis of algorithms / _cMrs. Anuradha A. Puntambekar. |
| 250 | _aFirst edition. | ||
| 264 | 1 |
_aPune, India : _bTechnical publications, _c2009. |
|
| 300 |
_a1 volume (various pagings) : _billustrations ; _c24 cm |
||
| 336 |
_2rdacontent _atext _btxt |
||
| 337 |
_aunmediated _2rdamedia _bn |
||
| 338 |
_avolume _bnc _2rdacarrier |
||
| 650 | 7 |
_913108 _aAlgorithms. _2BUEsh |
|
| 655 | _vReading book | ||
| 942 |
_2ddc _cBB |
||
| 999 |
_c13777 _d13777 |
||